Elenco de grandezas y títulos nobibiliarios españoles / (Record no. 22323)

MARC details
000 -LEADER
campo de control de longitud fija 01357nas a2200289 i 4500
001 - NÚMERO DE CONTROL
campo de control 22323
003 - IDENTIFICADOR DE NÚMERO DE CONTROL
campo de control ES-MaACL
005 - FECHA Y HORA DE LA ÚLTIMA TRANSACCIÓN
campo de control 20250217134821.0
007 - CAMPO FIJO DE DESCRIPCIÓN FÍSICA--INFORMACIÓN GENERAL
campo de control de longitud fija t|
008 - DATOS DE LONGITUD FIJA--INFORMACIÓN GENERAL
campo de control de longitud fija 021202c1968 sp | |0010||pa d
022 ## - NÚMERO INTERNACIONAL NORMALIZADO PARA PUBLICACIONES SERIADAS
Número Internacional Normalizado para Publicaciones Seriadas 0424-8821
080 ## - NÚMERO DE LA CLASIFICACIÓN DECIMAL UNIVERSAL
Número de la Clasificación Decimal Universal 929.7(460)
245 00 - MENCIÓN DEL TÍTULO
Título Elenco de grandezas y títulos nobibiliarios españoles /
Mención de responsabilidad, etc. recopilado y redactado por Ampelio Alonso de Cadenas y López, Julio de Atienza, Barón de Cobos de Belchite, Vicente de Cadenas y Vicent.
260 ## - PUBLICACIÓN, DISTRIBUCIÓN, ETC.
Lugar de publicación, distribución, etc. Madrid :
Nombre del editor, distribuidor, etc. Instituto Salazar y Castro,
Fecha de publicación, distribución, etc. 1968-
300 ## - DESCRIPCIÓN FÍSICA
Extensión 22 v. ;
Dimensiones 17 cm.
362 0# - FECHAS DE PUBLICACIÓN Y/O DESIGNACIÓN SECUENCIAL
Fecha de publicación y/o designación secuencial 1968-
500 ## - NOTA GENERAL
Nota general Indice.
525 ## - NOTA DE SUPLEMENTO
Nota de suplemento En 1982 y 1991 se publican dos apéndices como suplemento a la publicación, recopilados por Ampelio Alonso de Cadenas y López; el apéndice 1 lleva el título: Índice alfabético de apellidos del poseedor de la merced nobiliaria; el apéndice 2 lleva el título: Títulos vacantes y títulos extranjeros cuyo uso fue autorizado en España.
651 #4 - PUNTO DE ACCESO ADICIONAL DE MATERIA--NOMBRE GEOGRÁFICO
Nombre geográfico España-
Subdivisión general Genealogía.
9 (RLIN) 8199
700 1# - ENTRADA AGREGADA--NOMBRE PERSONAL
Nombre de persona Atienza, Julio de
Títulos y otros términos asociados al nombre , Barón de Cobos de Belchite.
9 (RLIN) 23737
700 1# - ENTRADA AGREGADA--NOMBRE PERSONAL
Nombre de persona Cadenas y Vicent, Vicente de.
9 (RLIN) 33391
700 0# - ENTRADA AGREGADA--NOMBRE PERSONAL
Nombre de persona Alonso de Cadenas y López, Ampelio.
9 (RLIN) 20284
710 2# - ENTRADA AGREGADA--NOMBRE DE ENTIDAD CORPORATIVA
Nombre de entidad corporativa o nombre de jurisdicción como elemento de entrada Instituto Salazar y Castro.
9 (RLIN) 5230
852 ## - LOCALIZACIÓN
Ubicación ES-MaACL
Número de control de estantería HEM-D-207
Encuadernación J-67
Signatura antigua
866 #0 - MENCIÓN TEXTUAL DE FONDOS--UNIDAD BIBLIOGRÁFICA BÁSICA
Fondos 1968-1987, 1988-1990.
Holdings
Estatus retirado Estado de pérdida Estado de daño No para préstamo Colección Biblioteca de origen Biblioteca actual Ubicación en estantería Fecha de adquisición Fuente de adquisición Total de préstamos Signatura topográfica completa Código de barras Visto por última vez Precio de reemplazo Tipo de ítem Koha
        Periódicos y Revistas Biblioteca del Ateneo de Madrid Biblioteca del Ateneo de Madrid Depósito 2 17/01/2008     HEM-D-207 1022979 23/02/2023 23/02/2023 Revista